[Event "BCF-chT4 2223 (4NCL)"]
[Site "England"]
[Date "2023.04.30"]
[Round "10.133"]
[White "Carter, Dominic A"]
[Black "Phillips, William"]
[Result "1/2-1/2"]
[WhiteElo "1646"]
[BlackElo "1789"]
[PlyCount "56"]
[EventDate "2022.11.05"]
[EventType "team-swiss"]
[EventRounds "11"]
[EventCountry "ENG"]
[SourceTitle "EXT 2024"]
[Source "ChessBase"]
[SourceDate "2023.10.10"]
[SourceVersion "1"]
[SourceVersionDate "2023.10.10"]
[SourceQuality "1"]
[WhiteTeam "Iceni III"]
[BlackTeam "Cambridge University III"]
[WhiteTeamCountry "ENG"]
[BlackTeamCountry "ENG"]

1. d4 Nf6 2. c4 e6 3. g3 d5 4. Bg2 Be7 5. Nf3 0-0 6. 0-0 Nbd7 7. Qc2 Ne4 8. Nbd2 f5 9. Rd1 Ndf6 10. Ne5 Nxd2 11. Bxd2 Ne4 12. Be3 c6 13. f3 Nd6 14. c5 Nf7 15. Nxf7 Rxf7 16. f4 Bd7 17. b4 g5 18. fxg5 Bxg5 19. Bxg5 Qxg5 20. Qd2 Qxd2 21. Rxd2 f4 22. gxf4 Rxf4 23. e3 Rf6 24. Rf1 Raf8 25. Rdf2 Kg7 26. Rxf6 Rxf6 27. Rxf6 Kxf6 28. Bh3 Be8 1/2-1/2

[Event "BCF-chT3 1415 (4NCL)"]
[Site "England"]
[Date "2015.03.21"]
[Round "7.168"]
[White "Carter, Dominic A"]
[Black "Wilson, Kevin J"]
[Result "1-0"]
[WhiteElo "1644"]
[BlackElo "1820"]
[PlyCount "115"]
[EventDate "2015.03.21"]
[EventType "team-swiss"]
[EventRounds "11"]
[EventCountry "ENG"]
[SourceTitle "EXT 2016"]
[Source "ChessBase"]
[SourceDate "2015.10.08"]
[SourceVersion "1"]
[SourceVersionDate "2015.10.08"]
[SourceQuality "1"]
[WhiteTeam "Iceni II"]
[BlackTeam "North East England II"]
[WhiteTeamCountry "ENG"]
[BlackTeamCountry "ENG"]

1. e4 c6 2. d4 d5 3. Nd2 dxe4 4. Nxe4 Nd7 5. Bc4 Ngf6 6. Ng5 e6 7. Qe2 Nb6 8. Bb3 h6 9. N5f3 Qc7 10. Nh3 g5 11. Ne5 Bd6 12. f4 g4 13. Nf2 h5 14. Ne4 Nxe4 15. Qxe4 f5 16. Qe2 Bxe5 17. dxe5 Bd7 18. Bd2 c5 19. Ba5 Qc6 20. Bxb6 Qxb6 21. 0-0-0 Ke7 22. Rd6 Qc7 23. Rhd1 Rad8 24. Bc4 a6 25. a4 Qa5 26. Kb1 b5 27. axb5 axb5 28. Qd3 Bc8 29. Bxb5 Qc7 30. Rxd8 Rxd8 31. Qxd8+ Qxd8 32. Rxd8 Kxd8 33. g3 Kc7 34. Be8 Kb6 35. c3 c4 36. Kc2 Bb7 37. Bxh5 Kc5 38. Be8 Bd5 39. Bd7 Kb6 40. Kd2 Kc7 41. Ba4 Kb6 42. Ke3 Bc6 43. Bd1 Kc5 44. Be2 Be4 45. Bf1 Kd5 46. h4 gxh3 47. Bxh3 Bc2 48. g4 fxg4 49. Bxg4 Bb1 50. Bf3+ Kc5 51. Be4 Ba2 52. f5 exf5 53. Bxf5 Bb3 54. Be4 Ba4 55. Kf4 Bd7 56. Kg5 Kb5 57. Kg6 Ka4 58. Bc2+ 1-0